[Event "IV Festival A"]
[Site "Erba ITA"]
[Date "2010.03.07"]
[Round "4"]
[White "Regorda, Massimiliano"]
[Black "Cazzaniga, Walter"]
[Result "0-1"]
[WhiteElo "1926"]
[BlackElo "2110"]
[PlyCount "106"]
[EventDate "2010.03.05"]

1. e4 e6 2. d4 d5 3. Nd2 Nf6 4. e5 Nfd7 5. c3 c5 6. Bd3 Nc6 7. Ne2 cxd4 8. cxd4
f6 9. exf6 Nxf6 10. Nf3 Bd6 11. Bg5 O-O 12. O-O Bd7 13. a3 Rc8 14. Rc1 Be8 15.
Ng3 h6 16. Be3 Nh5 17. Nxh5 Bxh5 18. Be2 Qf6 19. b4 a6 20. Re1 Rcd8 21. Ne5
Bxe2 22. Qxe2 Bxe5 23. dxe5 Qxe5 24. b5 axb5 25. Qxb5 d4 26. Qxe5 Nxe5 27. Bxd4
Nd3 28. Bc5 Rf5 29. Bb6 Ra8 30. g3 Nxc1 31. Rxc1 Rxa3 32. Rc7 Rf7 33. Rc8+ Kh7
34. Re8 Rb3 35. Rxe6 Rf6 36. Rxf6 gxf6 37. Bd4 Kg6 38. Kf1 Rd3 39. Bc5 b5 40.
Ke2 Rd5 41. Bb4 Kf5 42. h3 Ke4 43. f3+ Kd4 44. f4 Kc4 45. Bf8 b4 46. Kf3 b3 47.
Ba3 Ra5 48. Bb2 f5 49. g4 Ra2 50. Be5 b2 51. Bxb2 Rxb2 52. gxf5 Kd5 53. Kg4 Rb6
0-1

[Event "IV Festival A"]
[Site "Erba ITA"]
[Date "2010.03.07"]
[Round "4"]
[White "Vezzosi, Paolo"]
[Black "Madiai, Federico"]
[Result "1-0"]
[WhiteElo "2367"]
[BlackElo "2107"]
[PlyCount "99"]
[EventDate "2010.03.05"]

1. d4 c5 2. d5 f5 3. Nc3 Nf6 4. Nf3 d6 5. g3 g6 6. Bg2 Bg7 7. O-O O-O 8. Nd2
Na6 9. e4 Nc7 10. a4 Rb8 11. exf5 Bxf5 12. Nc4 Qd7 13. Bf4 Bh3 14. Qd2 Bxg2 15.
Kxg2 Qf5 16. Ne3 Qd7 17. Ned1 Qf5 18. Ne3 Qd7 19. Kh1 Ng4 20. Nc4 Qf5 21. f3
Nf6 22. g4 Qd7 23. Rae1 b5 24. axb5 Nxb5 25. Nxb5 Rxb5 26. Re6 Rf7 27. b3 Qb7
28. Rd1 Qa8 29. Kg2 Rb7 30. g5 Ne8 31. Rde1 Rd7 32. Na5 Nc7 33. c4 Rxf4 34.
Qxf4 Nxe6 35. Rxe6 Qf8 36. Qg4 Qf5 37. Qxf5 gxf5 38. h4 Kf7 39. h5 Be5 40. Nc6
Bf4 41. g6+ hxg6 42. hxg6+ Kf8 43. g7+ Kxg7 44. Nxe7 Rb7 45. Nxf5+ Kg8 46. Re4
Bc1 47. Re8+ Kh7 48. Re7+ Rxe7 49. Nxe7 Bf4 50. Kh3 1-0

[Event "IV Festival A"]
[Site "Erba ITA"]
[Date "2010.03.07"]
[Round "5"]
[White "Bernasconi, Roberto"]
[Black "Kimbin, Richard Conrod"]
[Result "1-0"]
[WhiteElo "1933"]
[BlackElo "1930"]
[PlyCount "73"]
[EventDate "2010.03.05"]

1. e4 c5 2. Nf3 d6 3. d4 cxd4 4. Nxd4 Nf6 5. Nc3 g6 6. Be3 Bg7 7. f3 Nc6 8. Qd2
O-O 9. Bc4 Bd7 10. O-O-O Rc8 11. Bb3 Ne5 12. h4 Nc4 13. Bxc4 Rxc4 14. g4 Qa5
15. Nb3 Qa6 16. Kb1 b5 17. h5 Rfc8 18. hxg6 fxg6 19. Bh6 Bh8 20. e5 dxe5 21. g5
Rxc3 22. bxc3 Nd5 23. Qxd5+ Be6 24. Qd8+ Kf7 25. Qa5 Qc6 26. Rd8 Qxf3 27. Rhd1
Bf5 28. R1d2 e4 29. Rxc8 Bxc8 30. Nd4 Qf1+ 31. Kb2 b4 32. Qxb4 e3 33. Qb3+ e6
34. Qb4 Bg7 35. Bxg7 Kxg7 36. Qe7+ Kg8 37. Rh2 1-0

[Event "IV Festival A"]
[Site "Erba ITA"]
[Date "2010.03.07"]
[Round "5"]
[White "Cazzaniga, Walter"]
[Black "Pace, Pietro Dario"]
[Result "0-1"]
[WhiteElo "2110"]
[BlackElo "2304"]
[PlyCount "54"]
[EventDate "2010.03.05"]

1. d4 Nf6 2. c4 e6 3. Nf3 c5 4. d5 b5 5. Bg5 d6 6. Nbd2 Be7 7. e4 O-O 8. Bd3
exd5 9. exd5 Nxd5 10. Be4 Bb7 11. Bf4 bxc4 12. Nxc4 Nc3 13. Bxh7+ Kxh7 14. bxc3
d5 15. Nce5 Ba6 16. h4 Kg8 17. Ng5 Nd7 18. Qc2 Nf6 19. f3 d4 20. Rd1 Bd6 21.
Kf2 Qc7 22. Ng4 Nxg4+ 23. fxg4 d3 24. Rxd3 Bxf4 25. Rd7 Be3+ 26. Ke1 Qg3+ 27.
Kd1 Qxg4+ 0-1

[Event "IV Festival A"]
[Site "Erba ITA"]
[Date "2010.03.07"]
[Round "5"]
[White "Colovic, Aleksandar"]
[Black "Lazic, Miroljub"]
[Result "1/2-1/2"]
[WhiteElo "2464"]
[BlackElo "2507"]
[PlyCount "28"]
[EventDate "2010.03.05"]

1. d4 d5 2. c4 dxc4 3. Nf3 Nf6 4. e3 e6 5. Bxc4 a6 6. O-O c5 7. dxc5 Qxd1 8.
Rxd1 Bxc5 9. Nbd2 b6 10. Nb3 Be7 11. Be2 Bb7 12. Nfd4 O-O 13. f3 Nbd7 14. e4
Rfc8 1/2-1/2

[Event "IV Festival A"]
[Site "Erba ITA"]
[Date "2010.03.07"]
[Round "5"]
[White "Gagliardi, Christian"]
[Black "Vezzosi, Paolo"]
[Result "1/2-1/2"]
[WhiteElo "2217"]
[BlackElo "2367"]
[PlyCount "29"]
[EventDate "2010.03.05"]

1. e4 c6 2. c4 e5 3. Nf3 d6 4. Nc3 Bg4 5. Be2 Nd7 6. h3 Bxf3 7. Bxf3 Nc5 8. d4
Ne6 9. Ne2 Ng5 10. Qb3 Nxf3+ 11. Qxf3 Nf6 12. O-O Be7 13. Rd1 Qc7 14. Bg5 h6
15. Bxf6 1/2-1/2

[Event "IV Festival A"]
[Site "Erba ITA"]
[Date "2010.03.07"]
[Round "5"]
[White "Janev, Evgeni"]
[Black "Ninov, Nikolai Ivanov"]
[Result "1-0"]
[WhiteElo "2450"]
[BlackElo "2501"]
[PlyCount "69"]
[EventDate "2010.03.05"]

1. e4 c5 2. Nf3 d6 3. d4 Nf6 4. Nc3 cxd4 5. Qxd4 a6 6. Bg5 Nc6 7. Qd2 e6 8.
O-O-O Bd7 9. Bd3 Be7 10. Rhe1 h6 11. Bf4 e5 12. Be3 Be6 13. h3 Rc8 14. Kb1 b5
15. Ne2 d5 16. exd5 Nxd5 17. Be4 Ndb4 18. Qxd8+ Bxd8 19. Nc3 O-O 20. Bc5 Re8
21. a3 f5 22. axb4 fxe4 23. Nxe4 a5 24. Nd6 Bf6 25. Nxe8 Rxe8 26. bxa5 Nxa5 27.
b3 Bf5 28. Nd4 Bg6 29. Bb4 Rc8 30. Bxa5 exd4 31. Re2 Ra8 32. b4 Rc8 33. Bb6 Rc4
34. Bc5 Kf7 35. Red2 1-0

[Event "IV Festival A"]
[Site "Erba ITA"]
[Date "2010.03.07"]
[Round "5"]
[White "Liscio, Giovanni"]
[Black "Cardani, Roberto"]
[Result "1/2-1/2"]
[WhiteElo "2046"]
[BlackElo "1995"]
[PlyCount "133"]
[EventDate "2010.03.05"]

1. Nf3 Nf6 2. g3 d5 3. d4 Bf5 4. Bg2 e6 5. O-O Be7 6. b3 Nbd7 7. Bb2 O-O 8.
Nbd2 h6 9. c4 c6 10. c5 Ne4 11. b4 Qc7 12. Nb3 Bf6 13. a4 Rfe8 14. Rc1 a6 15.
Re1 e5 16. e3 Bg4 17. Qc2 Bf5 18. Qe2 g5 19. dxe5 Nxe5 20. Bxe5 Bxe5 21. Nxe5
Qxe5 22. Nd4 Bg6 23. Qb2 f5 24. f4 Qg7 25. Bxe4 Rxe4 26. Qd2 Rae8 27. Nf3 Bh5
28. Ne5 R8xe5 29. fxe5 Qxe5 30. Kf2 a5 31. Rb1 Rc4 32. Rec1 Rh4 33. Kg1 Rxb4
34. Rxb4 axb4 35. Qd4 Qe6 36. Kf2 b3 37. Rb1 f4 38. gxf4 Qh3 39. Rb2 Qxh2+ 40.
Ke1 Qg1+ 41. Kd2 Qd1+ 42. Kc3 Qxd4+ 43. Kxd4 Bd1 44. fxg5 hxg5 45. Rd2 Bc2 46.
Kc3 Kg7 47. a5 Kg6 48. e4 Bxe4 49. Kxb3 g4 50. Kc3 g3 51. Kd4 g2 52. Rd1 Kf5
53. Ke3 Kg4 54. Kf2 Kf4 55. Rd2 Ke5 56. Rb2 Kd4 57. Rxb7 Bd3 58. Rb6 Kc4 59. a6
Kxc5 60. a7 Kxb6 61. a8=Q Bf1 62. Qd8+ Kc5 63. Qe7+ Kc4 64. Qe6 Kb5 65. Qd7 Kc5
66. Qa7+ Kc4 67. Qa6+ 1/2-1/2

[Event "IV Festival A"]
[Site "Erba ITA"]
[Date "2010.03.07"]
[Round "5"]
[White "Madiai, Federico"]
[Black "Berni, Fabrizio"]
[Result "1/2-1/2"]
[WhiteElo "2107"]
[BlackElo "2148"]
[PlyCount "26"]
[EventDate "2010.03.05"]

1. d4 d5 2. c4 e6 3. Nf3 Nf6 4. g3 Be7 5. Bg2 O-O 6. O-O c6 7. b3 Nbd7 8. Bb2
b6 9. Qc2 Bb7 10. Rd1 c5 11. Ne5 cxd4 12. Bxd4 Qc7 13. Qb2 dxc4 1/2-1/2

[Event "IV Festival A"]
[Site "Erba ITA"]
[Date "2010.03.07"]
[Round "5"]
[White "Magrini, Fabrizio"]
[Black "Janeva, Mariya"]
[Result "1-0"]
[WhiteElo "2130"]
[BlackElo "2042"]
[PlyCount "85"]
[EventDate "2010.03.05"]

1. e4 e5 2. Nf3 Nc6 3. Bc4 Bc5 4. b4 Bxb4 5. c3 Bc5 6. d4 exd4 7. O-O d3 8. Ng5
Ne5 9. Nxf7 Nxf7 10. Bxf7+ Kxf7 11. Qh5+ g6 12. Qxc5 d6 13. Qd5+ Kg7 14. Qxd3
Nf6 15. c4 Rf8 16. Bb2 Kg8 17. Nd2 Bd7 18. Rae1 Bc6 19. Nb3 Qd7 20. Nd4 Rae8
21. f3 Nh5 22. Qe3 Re5 23. Rd1 Nf4 24. Rd2 g5 25. Nf5 Rfxf5 26. exf5 h5 27.
Qxe5 dxe5 28. Rxd7 Bxd7 29. Bxe5 Bxf5 30. Bxc7 Bd3 31. Bxf4 Bxf1 32. Kxf1 gxf4
33. Ke2 Kf7 34. Kd3 Ke6 35. Ke4 Kd6 36. Kxf4 Kc5 37. Ke5 Kxc4 38. f4 b5 39. f5
a5 40. f6 Kb4 41. f7 Ka3 42. f8=Q+ Kxa2 43. Qc5 1-0

[Event "IV Festival A"]
[Site "Erba ITA"]
[Date "2010.03.07"]
[Round "5"]
[White "Marholev, Dimitar"]
[Black "Belezky, Alexander"]
[Result "1-0"]
[WhiteElo "2423"]
[BlackElo "2452"]
[PlyCount "57"]
[EventDate "2010.03.05"]

1. e4 Nf6 2. e5 Nd5 3. d4 d6 4. Nf3 dxe5 5. Nxe5 c6 6. Nd2 g6 7. Ndf3 Bg7 8.
Bc4 O-O 9. O-O Nd7 10. Nxd7 Bxd7 11. h3 Qb6 12. Re1 Rfe8 13. Bb3 Bf6 14. c4 Nc7
15. Be3 Qa5 16. Bf4 Rad8 17. Be5 Be6 18. Qc1 Bxe5 19. Rxe5 Qb4 20. Qh6 f6 21.
Rh5 gxh5 22. Bc2 Bxc4 23. Bxh7+ Kf7 24. Ng5+ fxg5 25. Bg6+ Ke6 26. Bxe8+ Kd5
27. Qxg5+ Kxd4 28. Qe3+ Kd5 29. Rd1+ 1-0

[Event "IV Festival A"]
[Site "Erba ITA"]
[Date "2010.03.07"]
[Round "5"]
[White "Orsi, Matteo"]
[Black "Occhipinti, Massimo"]
[Result "1/2-1/2"]
[WhiteElo "1974"]
[BlackElo "1996"]
[PlyCount "72"]
[EventDate "2010.03.05"]

1. Nf3 Nf6 2. g3 g6 3. Bg2 Bg7 4. d3 O-O 5. e4 d6 6. O-O e5 7. c3 Re8 8. Nbd2
a5 9. a4 Na6 10. Qc2 c6 11. d4 exd4 12. Nxd4 Nc5 13. f3 h6 14. N2b3 Nfd7 15.
Be3 Nxb3 16. Nxb3 Ne5 17. Rad1 Be6 18. Nd2 Qc7 19. Kh1 Rac8 20. f4 Nc4 21. Nxc4
Bxc4 22. Rf2 f5 23. Bd4 fxe4 24. Bxe4 Rxe4 25. Bxg7 Kxg7 26. Qxe4 Bd5 27. Rxd5
cxd5 28. Qxd5 Qe7 29. f5 gxf5 30. Qxf5 Rc5 31. Qg4+ Rg5 32. Qd4+ Kg8 33. Qc4+
d5 34. Qf4 Kg7 35. Qd4+ Kg8 36. Qf4 Kg7 1/2-1/2

[Event "IV Festival A"]
[Site "Erba ITA"]
[Date "2010.03.07"]
[Round "5"]
[White "Pap, Misa"]
[Black "Laketic, Gojko"]
[Result "1/2-1/2"]
[WhiteElo "2521"]
[BlackElo "2457"]
[PlyCount "20"]
[EventDate "2010.03.05"]

1. e4 d6 2. d4 Nf6 3. Bd3 e5 4. c3 Nc6 5. Ne2 g6 6. O-O Bg7 7. Bg5 h6 8. Bh4
O-O 9. Nd2 Bd7 10. Rc1 Qc8 1/2-1/2

[Event "IV Festival A"]
[Site "Erba ITA"]
[Date "2010.03.07"]
[Round "5"]
[White "Pechy, Alaster"]
[Black "Martorelli, Antonio"]
[Result "1-0"]
[WhiteElo "2202"]
[BlackElo "2262"]
[PlyCount "79"]
[EventDate "2010.03.05"]

1. d4 Nf6 2. c4 g6 3. Nc3 Bg7 4. e4 d6 5. f3 e5 6. Nge2 O-O 7. Be3 Nc6 8. d5
Na5 9. Ng3 c5 10. Bd3 a6 11. a3 Qc7 12. h4 h5 13. Nf1 Rb8 14. Nd2 Bd7 15. Qe2
Rfc8 16. Rc1 b6 17. b4 cxb4 18. axb4 Nb7 19. Qf2 Nd8 20. c5 bxc5 21. bxc5 dxc5
22. Bxa6 Nb7 23. Nc4 Bf8 24. Bg5 Nh7 25. f4 f6 26. fxe5 fxg5 27. e6 Be8 28. e5
Rd8 29. O-O Bg7 30. Bxb7 Qxb7 31. Qxc5 Rbc8 32. Qd4 Qa6 33. e7 Rd7 34. Qb6 Ra7
35. Qxa6 Rxa6 36. Ne4 gxh4 37. e6 Ra7 38. d6 Bd4+ 39. Kh1 Rb8 40. Rcd1 1-0

[Event "IV Festival A"]
[Site "Erba ITA"]
[Date "2010.03.07"]
[Round "5"]
[White "Radice, Luca"]
[Black "Annoni, Riccardo"]
[Result "1-0"]
[WhiteElo "2019"]
[BlackElo "2078"]
[PlyCount "89"]
[EventDate "2010.03.05"]

1. d4 d5 2. Nf3 Nf6 3. c4 c6 4. e3 e6 5. Nbd2 Nbd7 6. Bd3 a6 7. O-O b5 8. b3
Bd6 9. Bb2 Qe7 10. e4 dxe4 11. Nxe4 Nxe4 12. Bxe4 Bb7 13. Bc2 Ba3 14. Bc3 Bb4
15. Bb2 Ba3 16. Bxa3 Qxa3 17. Re1 O-O 18. Qd3 Nf6 19. Ng5 bxc4 20. Qh3 g6 21.
Qh6 Qb2 22. Rac1 cxb3 23. Bxb3 Qxf2+ 24. Kh1 c5 25. d5 Bxd5 26. Bxd5 exd5 27.
Rf1 Qe3 28. Rce1 Qc3 29. Rd1 Rfe8 30. h3 Re2 31. Rd3 Qe5 32. Rdf3 Re1 33. Rxf6
Qxf6 34. Rxe1 Qg7 35. Qh4 d4 36. Re7 Rf8 37. Ne6 fxe6 38. Rxg7+ Kxg7 39. Qe7+
Rf7 40. Qxe6 d3 41. Qe5+ Kg8 42. Qd5 c4 43. Qxc4 d2 44. Qe2 Rf2 45. Qd3 1-0

[Event "IV Festival A"]
[Site "Erba ITA"]
[Date "2010.03.07"]
[Round "5"]
[White "Ranfagni, Stefano"]
[Black "Regorda, Massimiliano"]
[Result "1-0"]
[WhiteElo "1994"]
[BlackElo "1926"]
[PlyCount "91"]
[EventDate "2010.03.05"]

1. e4 d5 2. exd5 Qxd5 3. Nc3 Qa5 4. d4 Nf6 5. Bd2 Nc6 6. Nf3 Bg4 7. Nb5 Qb6 8.
a4 Bxf3 9. Qxf3 Nxd4 10. Nxd4 Qxd4 11. Qxb7 Qe4+ 12. Qxe4 Nxe4 13. Bb5+ Kd8 14.
Bc6 Nxd2 15. Bxa8 Nc4 16. O-O-O+ Kc8 17. Rd4 Nb6 18. Bc6 e5 19. Rd3 Bd6 20. a5
Nd7 21. Bxd7+ Kxd7 22. f3 f5 23. Re1 Re8 24. c4 Kc6 25. Rd5 g6 26. Re2 e4 27.
fxe4 Bxh2 28. e5 Re6 29. Kc2 Bf4 30. b4 h5 31. b5+ Kb7 32. Kd3 g5 33. Kd4 h4
34. Rd8 a6 35. Kd5 Re7 36. e6 g4 37. Rf2 Bg5 38. Rxf5 Rg7 39. Rd7 Be7 40. bxa6+
Kxa6 41. Rxe7 Rxe7 42. Rh5 h3 43. gxh3 gxh3 44. Rxh3 Kxa5 45. Rf3 c5 46. Kxc5
1-0

[Event "IV Festival A"]
[Site "Erba ITA"]
[Date "2010.03.07"]
[Round "5"]
[White "Sbarra, Marco"]
[Black "Meijers, Viesturs"]
[Result "1-0"]
[WhiteElo "2260"]
[BlackElo "2476"]
[PlyCount "145"]
[EventDate "2010.03.05"]

1. d4 Nf6 2. c4 e6 3. Nc3 Bb4 4. Qc2 c5 5. dxc5 Bxc5 6. Bf4 b6 7. Rd1 O-O 8.
Nf3 Bb7 9. e3 Nc6 10. a3 Rc8 11. Be2 Be7 12. b4 a5 13. b5 Nb8 14. e4 Bxa3 15.
e5 Ne8 16. Ng5 g6 17. h4 Be7 18. Kf1 Ng7 19. Qd3 f6 20. exf6 Bxf6 21. Nce4 d5
22. Qh3 e5 23. h5 exf4 24. hxg6 h5 25. Nh7 Qe7 26. Nhxf6+ Rxf6 27. Bxh5 Re8 28.
Nxf6+ Qxf6 29. cxd5 Qf5 30. Qxf5 Nxf5 31. Bg4 Bc8 32. Bxf5 Bxf5 33. Rh7 Rd8 34.
Rf7 Bxg6 35. Rf6 Bh5 36. f3 Nd7 37. Rxf4 Bf7 38. Kf2 Kg7 39. Rg4+ Kf8 40. Rh4
Nf6 41. d6 Kg7 42. Rhd4 Be6 43. g4 Kg6 44. Kg3 Bd7 45. Rc1 Bxb5 46. Rb4 Bd7 47.
Rxb6 Ra8 48. f4 a4 49. Kh4 a3 50. f5+ Kf7 51. g5 a2 52. Rd1 Ra4+ 53. Kg3 Ne4+
54. Kg2 Nxg5 55. Rb7 Rg4+ 56. Kf1 Ke8 57. Rb8+ Kf7 58. Rb7 Ra4 59. Rxd7+ Ke8
60. Re7+ Kd8 61. Ra1 Rd4 62. Rg7 Ne4 63. Rxa2 Rd1+ 64. Kg2 Rd2+ 65. Rxd2 Nxd2
66. Kg3 Ke8 67. Kf4 Nc4 68. Rc7 Nxd6 69. Kg5 Kf8 70. Kg6 Ne8 71. Rc8 Ke7 72.
Rxe8+ Kxe8 73. Kg7 1-0

[Event "IV Festival A"]
[Site "Erba ITA"]
[Date "2010.03.07"]
[Round "5"]
[White "Sullolari, Saip"]
[Black "Buonocore, Elio"]
[Result "1/2-1/2"]
[WhiteElo "2137"]
[BlackElo "2192"]
[PlyCount "117"]
[EventDate "2010.03.05"]

1. e4 c5 2. Nf3 Nc6 3. d4 cxd4 4. Nxd4 Nf6 5. Nc3 e5 6. Ndb5 d6 7. Bg5 a6 8.
Na3 b5 9. Nd5 Be7 10. Bxf6 Bxf6 11. c3 Bg5 12. Nc2 O-O 13. Be2 Rb8 14. O-O a5
15. b4 Be6 16. a4 bxa4 17. b5 Ne7 18. c4 Nxd5 19. exd5 Bf5 20. Rxa4 Bxc2 21.
Qxc2 Qb6 22. Qc3 Bd8 23. g4 Qc5 24. Qe3 Qxe3 25. fxe3 Bb6 26. Kg2 e4 27. Rf4
Rfe8 28. c5 Bxc5 29. Rfxe4 Rxe4 30. Rxe4 Kf8 31. Kf3 Ra8 32. Bd1 Rc8 33. Bb3
Rc7 34. Ke2 Re7 35. Kd3 Rxe4 36. Kxe4 Ke7 37. Kf4 Kd8 38. Ke4 Kc7 39. Kd3 Kb6
40. Ba4 h6 41. h3 Ba3 42. Kd4 Bc1 43. e4 Bb2+ 44. Kc4 Be5 45. Bd1 Bg3 46. Bc2
Bf2 47. Bd1 Kc7 48. Kd3 Kd7 49. Ba4 Ke7 50. Ke2 Bb6 51. Kf3 Kf6 52. h4 Ke5 53.
h5 Kd4 54. Kf4 Kc4 55. e5 Kxd5 56. Bb3+ Kc5 57. exd6 Kxd6 58. Bxf7 Kc5 59. Ke3
1/2-1/2

[Event "XI C.to Europeo"]
[Site "Fiume CRO"]
[Date "2010.03.10"]
[Round "5"]
[White "Barlocco, Carlo"]
[Black "Vdovenko, Volodymyr J."]
[Result "1-0"]
[WhiteElo "2173"]
[BlackElo "1680"]
[PlyCount "101"]
[EventDate "2010.03.06"]

1. Nf3 g6 2. g3 Bg7 3. Bg2 Nc6 4. O-O Nf6 5. d4 e6 6. c4 O-O 7. d5 exd5 8. cxd5
Nb8 9. Nc3 d6 10. a3 Na6 11. Be3 Nb8 12. Rc1 b6 13. b4 a6 14. Qb3 Bg4 15. Rfd1
Bxf3 16. Bxf3 Nbd7 17. Bg2 Re8 18. Bd4 Re7 19. e3 Bh6 20. Rc2 Ne8 21. Rdc1 f6
22. Ne2 Ne5 23. Bb2 Bg7 24. Nd4 Qd7 25. Nc6 Rf7 26. h3 Kh8 27. Nd4 g5 28. Ne6
Rc8 29. g4 Qe7 30. Be4 Ng6 31. Bxg6 hxg6 32. Qd3 Kh7 33. Qxa6 Qd7 34. Bd4 c5
35. Qxb6 Ra8 36. bxc5 dxc5 37. Qxc5 Qa4 38. Rc3 Kh6 39. Kg2 f5 40. Rh1 Bxd4 41.
h4 Kh7 42. hxg5+ Kg8 43. Qxd4 Qxd4 44. exd4 fxg4 45. Rh6 Nd6 46. Rxg6+ Kh8 47.
Rh6+ Kg8 48. Rc1 Rxa3 49. g6 Rfa7 50. g7 Rg3+ 51. fxg3 1-0

[Event "XI C.to Europeo"]
[Site "Fiume CRO"]
[Date "2010.03.11"]
[Round "6"]
[White "Lanzani, Giuliano"]
[Black "Vdovenko, Volodymyr J."]
[Result "1-0"]
[WhiteElo "1992"]
[BlackElo "1680"]
[PlyCount "59"]
[EventDate "2010.03.06"]

1. e4 g6 2. d4 Bg7 3. Nf3 d6 4. Nc3 c6 5. a4 Bg4 6. Be2 Nd7 7. h3 Bxf3 8. Bxf3
e5 9. Be3 Ngf6 10. d5 c5 11. Nb5 Nb6 12. b3 a5 13. Qd2 Bf8 14. Rd1 Nc8 15. O-O
b6 16. Bh6 Qe7 17. Bxf8 Qxf8 18. Nc7+ Kd8 19. Nxa8 h5 20. Nxb6 Nxb6 21. Qxa5
Nfd7 22. Be2 f5 23. Bb5 Ke7 24. Qa7 f4 25. a5 Qa8 26. axb6 Qxa7 27. bxa7 Nb6
28. Ra1 g5 29. a8=Q Nxa8 30. Rxa8 1-0

[Event "XI C.to Europeo"]
[Site "Fiume CRO"]
[Date "2010.03.14"]
[Round "8"]
[White "Lanzani, Giuliano"]
[Black "Spichkin, Alexander"]
[Result "1/2-1/2"]
[WhiteElo "1992"]
[BlackElo "2241"]
[PlyCount "105"]
[EventDate "2010.03.06"]

1. e4 Nc6 2. d4 d5 3. Nc3 Nf6 4. e5 Ng8 5. h4 f6 6. Bf4 fxe5 7. dxe5 d4 8. Ne4
Qd5 9. Bd3 Bf5 10. Qf3 e6 11. g4 Bxe4 12. Bxe4 Qa5+ 13. Bd2 Qxe5 14. O-O-O Nge7
15. Nh3 O-O-O 16. Ng5 Qc5 17. Nxe6 Qc4 18. Nxd8 Qxa2 19. Qa3 Qxa3 20. bxa3 Nxd8
21. Bb4 b6 22. Rxd4 c5 23. Rc4 Nf7 24. Bxc5 bxc5 25. Rxc5+ Kd7 26. Rd1+ Nd6 27.
Ra5 Nec8 28. Ra6 Ke6 29. c4 Ke5 30. Bd5 Nb6 31. c5 Nxd5 32. cxd6 Bxd6 33. Ra5
Rc8+ 34. Kb2 Bc5 35. Kb3 Rc6 36. f3 Rb6+ 37. Kc4 Ne3+ 38. Kxc5 Nxd1 39. Rxa7
Rh6 40. Rxg7 Nb2 41. h5 Na4+ 42. Kb5 Nc3+ 43. Kc5 Kf4 44. Rf7+ Ke3 45. Rb7 Kf4
46. Rf7+ Kg3 47. Kd4 Ne2+ 48. Ke5 Ng1 49. Rf6 Nxf3+ 50. Kf5 Nd4+ 51. Kg5 Rxf6
52. Kxf6 Kxg4 53. Kg7 1/2-1/2

[Event "XI C.to Europeo"]
[Site "Fiume CRO"]
[Date "2010.03.14"]
[Round "8"]
[White "Lanzani, Mario"]
[Black "Pogosian, Vladimir"]
[Result "1-0"]
[WhiteElo "2371"]
[BlackElo "2204"]
[PlyCount "85"]
[EventDate "2010.03.06"]

1. e4 e5 2. f4 exf4 3. Bc4 b5 4. Bxb5 Qh4+ 5. Kf1 Bb7 6. Nc3 Bb4 7. d3 Ne7 8.
Qf3 Qf6 9. Nge2 g5 10. g3 Qg6 11. h4 f5 12. hxg5 fxe4 13. Nxe4 Bxe4 14. Qxe4
fxg3 15. Qxg6+ Nxg6 16. Kg2 a5 17. Nxg3 a4 18. Ne4 c6 19. Nf6+ Kd8 20. Bc4 d5
21. a3 Bd6 22. Ba2 Ra7 23. Be3 Rb7 24. b4 axb3 25. Bxb3 Nd7 26. Bd4 c5 27. Be3
Be5 28. Raf1 d4 29. Bc1 Nb6 30. a4 c4 31. dxc4 Ra7 32. Bd2 Nd7 33. Nxd7 Rxd7
34. c5 d3 35. Ba5+ Bc7 36. Bc3 Re8 37. cxd3 Rxd3 38. Rd1 Nf4+ 39. Kf1 Ree3 40.
Rxd3+ Nxd3 41. Bf6+ Ke8 42. Bc2 Rf3+ 43. Ke2 1-0

[Event "XIV Weekend A"]
[Site "Ivrea ITA"]
[Date "2010.03.19"]
[Round "1"]
[White "Agostino, Pietro"]
[Black "Guglielmi, Nicolo'"]
[Result "0-1"]
[WhiteElo "1576"]
[BlackElo "1928"]
[PlyCount "70"]
[EventDate "2010.03.19"]

1. e4 e6 2. d4 d5 3. e5 c5 4. c3 Nc6 5. Bb5 Bd7 6. Nf3 Nxe5 7. Bxd7+ Nxd7 8.
Be3 Ngf6 9. Nbd2 cxd4 10. Bxd4 Bd6 11. Qe2 O-O 12. Ne5 Bxe5 13. Bxe5 Nxe5 14.
Qxe5 Rc8 15. Nf3 Qb6 16. Qe2 Rfe8 17. O-O Ne4 18. Ne5 f6 19. Nd3 a5 20. Kh1 e5
21. f3 Nd6 22. Qf2 Qb5 23. Qc2 d4 24. Rab1 dxc3 25. bxc3 Qc6 26. Rfc1 Red8 27.
Nf2 Kh8 28. Ne4 Nc4 29. Rd1 Na3 30. Rxd8+ Rxd8 31. Qb3 Nxb1 32. Qxb1 Qa4 33.
Nf2 Rd2 34. Qe1 Rxa2 35. h3 Ra1 0-1

[Event "XIV Weekend A"]
[Site "Ivrea ITA"]
[Date "2010.03.19"]
[Round "1"]
[White "Bisi, Samuele"]
[Black "Bisi, Riccardo"]
[Result "1-0"]
[WhiteElo "1786"]
[BlackElo "1476"]
[PlyCount "55"]
[EventDate "2010.03.19"]

1. d4 d5 2. c4 e6 3. cxd5 exd5 4. Nc3 Nf6 5. Bg5 Be6 6. Qb3 b6 7. e3 Be7 8. Nf3
O-O 9. Ne5 Qd6 10. a3 Nbd7 11. Nb5 Nxe5 12. Nxd6 cxd6 13. dxe5 dxe5 14. Bxf6
Bxf6 15. Be2 e4 16. O-O d4 17. Bc4 Bxc4 18. Qxc4 dxe3 19. fxe3 Rae8 20. Qc2 Re7
21. Rad1 Rfe8 22. Rd2 Bg5 23. Kf2 f5 24. Qb3+ Kf8 25. Ke2 g6 26. g4 Rf7 27.
gxf5 gxf5 28. Rd5 1-0

[Event "XIV Weekend A"]
[Site "Ivrea ITA"]
[Date "2010.03.19"]
[Round "1"]
[White "Bogatto, Mario"]
[Black "Cirrincione Paze', Paolo"]
[Result "0-1"]
[WhiteElo "1451"]
[BlackElo "1785"]
[PlyCount "108"]
[EventDate "2010.03.19"]

1. e4 c5 2. Nf3 d6 3. Nc3 Nf6 4. Bb5+ Bd7 5. Bxd7+ Qxd7 6. O-O Nc6 7. d3 g6 8.
Bg5 Bg7 9. Qd2 a6 10. Bh6 O-O 11. Bxg7 Kxg7 12. Rfe1 Ng4 13. h3 Nge5 14. Qe3
Nxf3+ 15. Qxf3 Nd4 16. Qd1 f5 17. e5 f4 18. f3 d5 19. Ne2 Nf5 20. Nxf4 d4 21.
Re4 Ng3 22. Qe1 Nxe4 23. Qxe4 e6 24. h4 Rf7 25. h5 Raf8 26. Nh3 Qd5 27. Qxd5
exd5 28. hxg6 hxg6 29. f4 Rc7 30. Rf1 c4 31. Ng5 Re8 32. Nf3 cxd3 33. cxd3 Rc2
34. Re1 Rxb2 35. Nxd4 Rxa2 36. e6 Ra4 37. Nf3 Rxf4 38. e7 Rf7 39. Re5 Rexe7 40.
Rxd5 Rd7 41. Rg5 Rxd3 42. Ne5 Rd1+ 43. Kh2 Rf5 44. Rxg6+ Kh7 45. Re6 Re1 46.
Re7+ Kg8 47. Re8+ Rf8 48. Re7 b5 49. Kg3 b4 50. Re6 b3 51. Rg6+ Kh8 52. Nc4 Rg8
53. Rxg8+ Kxg8 54. Kf2 Rc1 0-1

[Event "XIV Weekend A"]
[Site "Ivrea ITA"]
[Date "2010.03.19"]
[Round "1"]
[White "Bosticardo, Tommaso"]
[Black "Bellafiore, Enzo"]
[Result "1/2-1/2"]
[WhiteElo "1503"]
[BlackElo "1827"]
[PlyCount "58"]
[EventDate "2010.03.19"]

1. d4 d5 2. c4 c6 3. cxd5 cxd5 4. Nc3 Nf6 5. Bf4 e6 6. e3 a6 7. Bd3 Bd6 8. Bxd6
Qxd6 9. Nf3 Nc6 10. a3 Bd7 11. O-O e5 12. dxe5 Nxe5 13. Nxe5 Qxe5 14. h3 Rc8
15. Rc1 O-O 16. Be2 Bc6 17. Qb3 Rfe8 18. Rfd1 Red8 19. Bf3 b5 20. Rd2 Rd6 21.
Rcd1 Rcd8 22. Na2 Ne4 23. Rd4 Ng5 24. Be2 Ne6 25. R4d2 Nc5 26. Qc3 Qxc3 27.
Nxc3 Nb3 28. Rd3 Nc5 29. R3d2 Nb3 1/2-1/2

[Event "XIV Weekend A"]
[Site "Ivrea ITA"]
[Date "2010.03.19"]
[Round "1"]
[White "Caresana, Alessandro"]
[Black "Piazza, Giacomo"]
[Result "1-0"]
[WhiteElo "1994"]
[BlackElo "1634"]
[PlyCount "31"]
[EventDate "2010.03.19"]

1. d4 Nf6 2. Nf3 g6 3. Bg5 Bg7 4. Nc3 c6 5. e4 h6 6. Bh4 b5 7. e5 Nd5 8. Qd2 a6
9. Bd3 Qb6 10. O-O e6 11. Ne4 Ne7 12. Nd6+ Kf8 13. Bxe7+ Kg8 14. Nxc8 Qc7 15.
Nd6 c5 16. Qf4 1-0

[Event "XIV Weekend A"]
[Site "Ivrea ITA"]
[Date "2010.03.19"]
[Round "1"]
[White "Combina, Alberto"]
[Black "Crepaldi, Marco"]
[Result "0-1"]
[WhiteElo "1542"]
[BlackElo "1874"]
[PlyCount "82"]
[EventDate "2010.03.19"]

1. d4 Nf6 2. Nf3 b6 3. Bf4 Bb7 4. e3 e6 5. c3 Be7 6. Nbd2 O-O 7. Bd3 d5 8. Ne5
Nbd7 9. O-O c5 10. Qe2 a6 11. h3 Nxe5 12. dxe5 Nd7 13. Qg4 g6 14. Nf3 Re8 15.
Bh6 Bf8 16. Bg5 Qc7 17. Qg3 Bg7 18. Bf4 b5 19. h4 c4 20. Bc2 a5 21. a3 Qc5 22.
h5 b4 23. hxg6 fxg6 24. Ng5 Nf8 25. Kh2 h6 26. Nf3 g5 27. Nxg5 hxg5 28. Bxg5 b3
29. Bf6 Qc7 30. Bg6 Nxg6 31. Qxg6 Qf7 32. Qg5 Kf8 33. Rh1 Bxf6 34. exf6 Qg8 35.
Qh6+ Kf7 36. Kg1 Bc6 37. Qf4 e5 38. Qf5 d4 39. Rh7+ Kf8 40. Rg7 Qd5 41. f7 Kxg7
0-1